Sharp rise in town centre rents (Record no. 72657)

MARC details
000 -LEADER
fixed length control field 01100cam a2200229 4500
001 - CONTROL NUMBER
control field WB3918-05
008 - FIXED-LENGTH DATA ELEMENTS--GENERAL INFORMATION
fixed length control field 030513n2003 000 0 eng u
035 ## - SYSTEM CONTROL NUMBER
System control number (Sirsi) u122252
245 ## - TITLE STATEMENT
Title Sharp rise in town centre rents
260 ## - PUBLICATION, DISTRIBUTION, ETC.
Date of publication, distribution, etc. 2003
490 ## - SERIES STATEMENT
Series statement Retail Week
Volume/sequential designation 9 May 2003, 26(1)
490 ## - SERIES STATEMENT
Series statement Chesterton Press Release
Volume/sequential designation 29 April 2003 (2)
520 ## - SUMMARY, ETC.
Summary, etc. Research by Chesterton reveals that prime retail rents rose across Britain by 32% between 1998 and 2003 with the biggest increases in Birmingham and Aberdeen at 62%. Chesterton's survey also tracks movement in prime rental values over the last five years in the office and industrial sectors. www.chesterton.co.uk/group/renderer.asp?category=press_room&content_type=story_item&bodyID=2663
590 ## - LOCAL NOTE (RLIN)
Local note WB
650 ## - SUBJECT ADDED ENTRY--TOPICAL TERM
Topical term or geographic name entry element PROPERTY-COMMERCIAL PROPERTY-RETAIL PROPERTY-RETAIL PROPERTY MARKET
650 ## - SUBJECT ADDED ENTRY--TOPICAL TERM
Topical term or geographic name entry element RETAIL RENTS
650 ## - SUBJECT ADDED ENTRY--TOPICAL TERM
Topical term or geographic name entry element PRIME RENTS
650 ## - SUBJECT ADDED ENTRY--TOPICAL TERM
Topical term or geographic name entry element INDUSTRIAL MARKET
650 ## - SUBJECT ADDED ENTRY--TOPICAL TERM
Topical term or geographic name entry element PROPERTY-COMMERCIAL PROPERTY-OFFICE PROPERTY-OFFICE PROPERTY MARKET
690 ## - LOCAL SUBJECT ADDED ENTRY--TOPICAL TERM (OCLC, RLIN)
Topical term or geographic name as entry element PROPERTY-COMMERCIAL PROPERTY-RETAIL PROPERTY
942 ## - ADDED ENTRY ELEMENTS (KOHA)
Suppress in OPAC 0
Holdings
Withdrawn status Lost status Source of classification or shelving scheme Damaged status Not for loan Home library Current library Shelving location Date acquired Total Checkouts Full call number Barcode Date last seen Copy number Price effective from Koha item type
    Dewey Decimal Classification     London London News article 13/05/2003   WB3918-05 122252-1001 06/08/2019 1 06/08/2019 News article